LIBRARY & INFORMATION CENTRE, KCAET, TAVANUR

ONLINE PUBLIC ACCESS CATALOGUE (OPAC)

Heat transfer handbook / (Record no. 5968)

MARC details
000 -LEADER
fixed length control field 00438cam a2200169ua 4500
041 ## - LANGUAGE CODE
Language code of text/sound track or separate title eng
082 ## - DEWEY DECIMAL CLASSIFICATION NUMBER
Classification number 028.71536
Item number CHE/HE
100 ## - MAIN ENTRY--AUTHOR NAME
Personal name Chremisinoff, Nicholas P .
245 ## - TITLE STATEMENT
Title Heat transfer handbook /
260 ## - PUBLICATION, DISTRIBUTION, ETC. (IMPRINT)
Place of publication Mumbai :
Name of publisher Jaico Publishing House ,
Year of publication 1999.
300 ## - PHYSICAL DESCRIPTION
Number of Pages 240 ; .
942 ## - ADDED ENTRY ELEMENTS (KOHA)
Koha item type Books
Holdings
Withdrawn status Lost status Damaged status Home library Current library Date acquired Full call number Accession Number Koha item type
      KAUAET KAUAET 07/04/2012 028.71536 20672 Reference
free website counter